000 00903nam a22002657a 4500
003 DO-SdBPMS
005 20241203120646.0
008 160627b2011 mx || 00| 0 spa d
020 _a9786071108579
040 _aDO-SdBPM
_bspa
_cBPMSU
082 4 _a813.4
_bB964j 2011
_222
100 1 _aHodgson Burnett, Frances
_d1849-1924.
245 1 3 _aEl jardín secreto /
_cFrances Hodgson Burnett ; ilustración Hye Ran Lee ; traducción Martha Frances Goodman Davis
260 _aMéxico :
_bSantillana ediciones generales,
_c2010.
300 _a358 p. :
_bil. ;
_c21 cm.
490 0 _aAlfaguara infantil
590 _aInventariado, 2024/VM
650 4 _aNovela estadounidense
650 4 _aHuerfanos
_vNovela
650 4 _aJardines
_vNovela
700 1 _aRan Lee, Hye,
_eilustración
700 1 _aGoodman Davis, Martha Frances,
_etraductor
910 _aVMateo V. Control de calidad. BPMSU
942 _2ddc
_cBK
999 _c10594
_d10594